मुलाखत आणि शब्दांकन. (Record no. 1345412)

MARC details
000 -LEADER
fixed length control field 00748nam a2200181Ia 4500
008 - FIXED-LENGTH DATA ELEMENTS--GENERAL INFORMATION
fixed length control field 151202s9999||||xx |||||||||||||| ||und||
082 ## - DEWEY DECIMAL CLASSIFICATION NUMBER
Item number PNVM-80804
100 ## - MAIN ENTRY--PERSONAL NAME
Personal name पचिंद्रे श्रीराम.
245 ## - TITLE STATEMENT
Title मुलाखत आणि शब्दांकन.
260 ## - PUBLICATION, DISTRIBUTION, ETC. (IMPRINT)
Name of publisher, distributor, etc "अनुबंध प्रकाशन,202बालाजी कॉम्लेक्स,धनकवडी,पुणे."
260 ## - PUBLICATION, DISTRIBUTION, ETC. (IMPRINT)
Date of publication, distribution, etc 2012
300 ## - PHYSICAL DESCRIPTION
Extent 191
600 ## - SUBJECT ADDED ENTRY--PERSONAL NAME
Personal name पचिंद्रे श्रीराम.
630 ## - SUBJECT ADDED ENTRY--UNIFORM TITLE
Uniform title मुलाखत आणि शब्दांकन.
700 ## - ADDED ENTRY--PERSONAL NAME
Personal name पचिंद्रे श्रीराम.
730 ## - ADDED ENTRY--UNIFORM TITLE
Uniform title मुलाखत आणि शब्दांकन.
942 ## - ADDED ENTRY ELEMENTS (KOHA)
Koha item type Book
Holdings
Withdrawn status Lost status Damaged status Not for loan Home library Current library Date acquired Cost, normal purchase price Total Checkouts Full call number Barcode Date last seen Cost, replacement price Price effective from Koha item type
        Pune Nagar Vachan Mandir, Pune Pune Nagar Vachan Mandir, Pune 06/21/2015 0.00   PNVM-80804 PNVM-80804 12/02/2015 0.00 12/02/2015 Book